Educación artística y desarrollo humano (Record no. 11836)

MARC details
000 -LEADER
campo de control de longitud fija 01314nmc a2200409 a 4500
003 - IDENTIFICADOR DE NÚMERO DE CONTROL
campo de control AR-BaBNM
005 - FECHA Y HORA DE LA ÚLTIMA TRANSACCIÓN
campo de control 20251128205540.0
008 - DATOS DE LONGITUD FIJA--INFORMACIÓN GENERAL
campo de control de longitud fija 011101s1994 ||||||||||||||000 | spa||
020 ## - NÚMERO INTERNACIONAL ESTÁNDAR DEL LIBRO
Número Internacional Estándar del Libro 84-493-0023-1
040 ## - FUENTE DE CATALOGACIÓN
Centro/agencia transcriptor AR-BaBNM
100 1# - ENTRADA PRINCIPAL--NOMBRE DE PERSONA
Nombre de persona Gardner, Howard
245 10 - MENCIÓN DEL TÍTULO
Título Educación artística y desarrollo humano
250 ## - MENCION DE EDICION
Mención de edición 1ª ed.
260 ## - PUBLICACIÓN, DISTRIBUCIÓN, ETC.
Lugar de publicación, distribución, etc. Barcelona
Nombre del editor, distribuidor, etc. Paidós
Fecha de publicación, distribución, etc. 1994
300 0# - DESCRIPCIÓN FÍSICA
Extensión 106 p.
Otros detalles físicos il.
490 #0 - MENCIÓN DE SERIE
Mención de serie Paidós educador
Designación de volumen o secuencia v. 114
500 0# - NOTA GENERAL
Nota general Referencias biográficas del autor: p. 93
500 1# - NOTA GENERAL
Nota general ARTS PROPEL remite a un programa dirigido a estudiantes de enseñanza media en las áreas de música, escritura de ficción y artes visuales
500 1# - NOTA GENERAL
Nota general PROPEL: PRODUCCION, PERCEPCION Y REFLExION
504 ## - NOTA DE BIBLIOGRAFÍA, ETC.
Nota de bibliografía, etc. Nota Bibliografía: p. 95-106
600 04 - PUNTO DE ACCESO ADICIONAL DE MATERIA--NOMBRE DE PERSONA
Nombre de persona Arts Propel
610 24 - PUNTO DE ACCESO ADICIONAL DE MATERIA--NOMBRE DE ENTIDAD CORPORATIVA
Nombre de entidad corporativa o nombre de jurisdicción como elemento de entrada Harvard Project Zero
650 #4 - PUNTO DE ACCESO ADICIONAL DE MATERIA--TÉRMINO DE MATERIA
Término de materia o nombre geográfico como elemento de entrada ARTE
650 #4 - PUNTO DE ACCESO ADICIONAL DE MATERIA--TÉRMINO DE MATERIA
Término de materia o nombre geográfico como elemento de entrada EDUCACION ARTISTICA
650 #4 - PUNTO DE ACCESO ADICIONAL DE MATERIA--TÉRMINO DE MATERIA
Término de materia o nombre geográfico como elemento de entrada PSICOLOGIA DE LA EDUCACION
650 #4 - PUNTO DE ACCESO ADICIONAL DE MATERIA--TÉRMINO DE MATERIA
Término de materia o nombre geográfico como elemento de entrada DESARROLLO DE LA CREATIVIDAD
650 #4 - PUNTO DE ACCESO ADICIONAL DE MATERIA--TÉRMINO DE MATERIA
Término de materia o nombre geográfico como elemento de entrada PERCEPCION
650 #4 - PUNTO DE ACCESO ADICIONAL DE MATERIA--TÉRMINO DE MATERIA
Término de materia o nombre geográfico como elemento de entrada APRECIACION ARTISTICA
650 #4 - PUNTO DE ACCESO ADICIONAL DE MATERIA--TÉRMINO DE MATERIA
Término de materia o nombre geográfico como elemento de entrada EDUCACION NO FORMAL
653 #0 - TÉRMINO DE INDIZACIÓN--NO CONTROLADO
Término no controlado EXPERIENCIAS EDUCATIVAS
653 #0 - TÉRMINO DE INDIZACIÓN--NO CONTROLADO
Término no controlado PSICOLOGIA COGNITIVA
653 #0 - TÉRMINO DE INDIZACIÓN--NO CONTROLADO
Término no controlado EDUCACION SECUNDARIA
700 1# - ENTRADA AGREGADA--NOMBRE PERSONAL
Nombre de persona Meler-Orti, Ferran
Término indicativo de función/relación traductor
700 1# - ENTRADA AGREGADA--NOMBRE PERSONAL
Nombre de persona Lattin Duke, Leilani
Término indicativo de función/relación prologuista
942 ## - ELEMENTOS DE ENTRADA SECUNDARIOS (KOHA)
Tipo de ítem Koha Libros
998 ## - INFORMACIÓN DE CONTROL LOCAL (RLIN)
Iniciales del catalogador, CIN (RLIN) SILVI
Holdings
Estatus retirado Estado de pérdida Fuente de la clasificación o esquema de estantería Estado de daño No para préstamo Biblioteca de origen Biblioteca actual Fecha de adquisición Total de préstamos Signatura topográfica completa Código de barras Visto por última vez Precio de reemplazo Tipo de ítem Koha Restricciones de uso Ubicación en estantería
    Clasificación Decimal Dewey     Liberty Liberty 28/11/2025   372.87 GAR 108957 28/11/2025 28/11/2025 Libros    
    Clasificación Decimal Dewey     Liberty Liberty 28/11/2025   372.87 GAR 108958 28/11/2025 28/11/2025 Libros    
    Clasificación Decimal Dewey     Liberty Liberty 28/11/2025   372.87 GAR 108959 28/11/2025 28/11/2025 Libros    
    Clasificación Decimal Dewey     Liberty Liberty 28/11/2025   372.87 GAR 114671 28/11/2025 28/11/2025 Libros    
    Clasificación Decimal Dewey   No para préstamo Liberty Liberty 28/11/2025   372.87 GAR 118833 28/11/2025 28/11/2025 Libros Acceso restringido